[Event "SPICE Cup Open 2017"]
[Site "Saint Louis USA"]
[Date "2017.10.22"]
[Round "2.18"]
[White "Peng, David"]
[Black "Easton, Jack"]
[Result "1/2-1/2"]
[WhiteTitle "FM"]
[WhiteElo "2330"]
[BlackElo "2162"]
[WhiteFideId "2059355"]
[BlackFideId "30900069"]
[EventDate "2017.10.21"]

1. e4 d5 2. exd5 Qxd5 3. Nc3 Qa5 4. d4 Nf6 5. Nf3 c6 6. Bd2 Bf5 7. g3 e6 8. Bg2
Nbd7 9. O-O Be7 10. h3 Bg6 11. a4 Bb4 12. Ne2 O-O 13. c3 Bd6 14. Re1 Qb6 15. b3
a5 16. Be3 Nd5 17. Nh4 Nxe3 18. fxe3 Bh5 19. g4 Qd8 20. Nf3 Bg6 21. Nf4 Be4 22.
Qe2 Qc7 23. Rf1 e5 24. Nd3 exd4 25. exd4 Rae8 26. Qd2 c5 27. Rae1 cxd4 28. Nxd4
Bxg2 29. Kxg2 Nc5 30. Nxc5 Bxc5 31. Rxe8 Rxe8 32. Qf4 Qxf4 33. Rxf4 Re3 34. Rf3 1/2-1/2

[Event "SPICE Cup Open 2017"]
[Site "Saint Louis USA"]
[Date "2017.10.22"]
[Round "2.19"]
[White "Furfine, Jacob"]
[Black "Wang, Jason"]
[Result "1/2-1/2"]
[WhiteTitle "CM"]
[BlackTitle "CM"]
[WhiteElo "2297"]
[BlackElo "2153"]
[WhiteFideId "2099462"]
[BlackFideId "30908124"]
[EventDate "2017.10.21"]

1. d4 d5 2. Bf4 Nf6 3. e3 c5 4. Nc3 a6 5. dxc5 e6 6. Na4 Bxc5 7. Nxc5 Qa5+ 8. c3
Qxc5 9. Nf3 Nc6 10. Bd3 O-O 11. O-O Re8 12. Ne5 Nxe5 13. Bxe5 Qe7 14. c4 Nd7 15.
Bg3 dxc4 16. Bxc4 b5 17. Bb3 Bb7 18. Qd6 Nc5 19. Bc2 Ne4 20. Qxe7 Rxe7 21. Be5
Rc8 22. Bd3 Rd7 23. Rfd1 Rcd8 24. Be2 Rxd1+ 25. Rxd1 Rxd1+ 26. Bxd1 f6 27. Bd4
Kf7 28. f3 e5 29. Bb6 Nd6 30. b3 Bd5 31. Kf2 Ke7 32. g4 Nb7 33. Bc2 g6 34. h4
Kd6 35. h5 Bf7 36. h6 Kc6 37. Ba7 Nd6 38. Bb8 Be8 39. Bxd6 Kxd6 40. b4 Bf7 41.
a3 Kc6 42. Be4+ Kb6 43. f4 exf4 44. exf4 a5 45. Ke3 axb4 46. axb4 Kc7 47. Kd4
Kd6 48. g5 f5 49. Bf3 Be6 50. Bb7 Bf7 51. Bc8 Be8 52. Ba6 Bd7 53. Bb7 Be6 54.
Ba8 Bf7 55. Bf3 Be6 56. Be2 Bd7 57. Bd1 Be6 58. Bc2 Bf7 59. Bd3 Be8 60. Bf1 Bd7
61. Bh3 Be6 62. Bg2 Bf7 63. Bh1 Be6 64. Bf3 Bf7 65. Bc6 Kxc6 66. Ke5 Kd7 67. Kf6
Bc4 68. Kg7 Ke7 69. Kxh7 Kf7 70. Kh8 Bd5 71. h7 Bc4 1/2-1/2

[Event "SPICE Cup Open 2017"]
[Site "Saint Louis USA"]
[Date "2017.10.22"]
[Round "2.20"]
[White "Cervantes Landeiro, Thalia"]
[Black "Young, Angelo"]
[Result "0-1"]
[WhiteTitle "WFM"]
[BlackTitle "IM"]
[WhiteElo "2107"]
[BlackElo "2292"]
[WhiteFideId "3520498"]
[BlackFideId "5200490"]
[EventDate "2017.10.21"]

1. d4 c5 2. d5 e5 3. e4 d6 4. Nc3 Be7 5. Bb5+ Nd7 6. Nf3 a6 7. Be2 b5 8. a4 b4
9. Nb1 Ngf6 10. Nbd2 a5 11. b3 O-O 12. O-O g6 13. Re1 Nb6 14. h3 Ra7 15. Bf1
Nfd7 16. Nc4 Nxc4 17. Bxc4 f5 18. Bh6 Rf7 19. exf5 gxf5 20. Qd2 f4 21. Bd3 Kh8
22. Kh2 Nf6 23. Ng5 Ng4+ 24. hxg4 Bxg5 25. Bxg5 Qxg5 26. f3 h5 27. gxh5 Qxh5+
28. Kg1 Rg7 29. Bf1 Qh4 30. Qf2 Qh5 31. Qd2 Qxf3 32. Qe2 Qxe2 33. Bxe2 Bf5 34.
Ra2 Rg3 35. Bf3 e4 36. Rxe4 Bxe4 37. Bxe4 Re3 38. Bf3 Rc7 39. Ra1 c4 0-1

[Event "SPICE Cup Open 2017"]
[Site "Saint Louis USA"]
[Date "2017.10.22"]
[Round "2.21"]
[White "Tsay, Vincent"]
[Black "Baginskaite, Camilla"]
[Result "0-1"]
[WhiteTitle "FM"]
[BlackTitle "WGM"]
[WhiteElo "2265"]
[BlackElo "2140"]
[WhiteFideId "30931835"]
[BlackFideId "2014599"]
[EventDate "2017.10.21"]

1. d4 Nf6 2. c4 e6 3. Nf3 d5 4. g3 Bb4+ 5. Bd2 a5 6. Bg2 O-O 7. Qc2 dxc4 8. O-O
Nc6 9. Rd1 Bxd2 10. Rxd2 b5 11. Nc3 Rb8 12. a4 Nb4 13. Qc1 c6 14. Ne5 Qb6 15.
Rd1 Bb7 16. Qf4 Nbd5 17. Qh4 Rbd8 18. e3 Ne7 19. axb5 cxb5 20. Bxb7 Qxb7 21.
Rxa5 Nf5 22. Qf4 Nd6 23. Rda1 Ra8 24. Nd7 Rxa5 25. Nxf6+ gxf6 26. Rxa5 Qb6 27.
Ra1 Kg7 28. e4 b4 29. Ne2 Rc8 30. e5 fxe5 31. dxe5 Ne8 32. Rd1 Qb7 33. Qg5+ Kf8
34. Qh6+ Ke7 35. Nf4 Qe4 36. Qg5+ Kf8 37. Nh5 Qg6 38. Qh4 c3 39. Qxb4+ Kg8 40.
Nf6+ Nxf6 41. exf6 c2 42. Rc1 Qxf6 0-1

[Event "SPICE Cup Open 2017"]
[Site "Saint Louis USA"]
[Date "2017.10.22"]
[Round "2.22"]
[White "Proleiko, Julian"]
[Black "Plotkin, Victor"]
[Result "1/2-1/2"]
[BlackTitle "FM"]
[WhiteElo "2095"]
[BlackElo "2262"]
[WhiteFideId "30900255"]
[BlackFideId "2606674"]
[EventDate "2017.10.21"]

1. d4 d5 2. c4 e6 3. Nf3 Nf6 4. Nc3 Nbd7 5. cxd5 exd5 6. Bg5 c6 7. e3 Be7 8. Bd3
Nh5 9. Bxe7 Qxe7 10. O-O O-O 11. Rb1 g6 12. b4 Ndf6 13. b5 c5 14. dxc5 Qxc5 15.
Qb3 Be6 16. Nd4 Ng7 17. Rfc1 Rac8 18. h3 Rfd8 19. Qb2 Qe7 20. b6 a5 21. Ncb5
Nge8 22. Qd2 Rxc1+ 23. Rxc1 Qb4 24. Qxb4 axb4 25. Rb1 Nd7 26. Nc7 Nxc7 27. bxc7
Rc8 28. Rc1 Ne5 29. Be2 Kf8 30. Rc5 Ke7 31. f4 Nd7 32. Rb5 Rxc7 33. Rxb4 Nc5 34.
Bf3 Rc8 35. Nb3 Kd6 36. Nxc5 Kxc5 37. Rxb7 Ra8 38. Rb2 Ra3 39. Kf2 Kc4 40. Rd2
Kc3 41. Ke2 Ra5 42. Rd3+ Kc4 43. Rd4+ Kc5 44. a4 Ra7 45. g4 f5 46. Kf2 Bf7 47.
Be2 Be8 48. Bd1 fxg4 49. hxg4 Bc6 50. Kf3 Rb7 51. f5 g5 52. Kg3 Rb2 53. Bf3 Rb3
54. Kf2 Rb2+ 55. Ke1 Ra2 56. Bd1 Kd6 57. Rd2 Ra3 58. Rh2 Rxe3+ 59. Kd2 Re7 60.
Rh6+ Kc5 61. Rh5 Ra7 62. Rxg5 Bxa4 63. Be2 Kd6 64. Bd3 Ke5 65. Rh5 Kf4 66. Be2
Be8 67. Rh3 d4 68. Rf3+ Ke5 69. Bd3 Rg7 70. Rf2 Bf7 71. Re2+ Kf6 72. Re4 h5 73.
gxh5 Rg2+ 74. Ke1 Bxh5 75. Rxd4 Bf7 76. Rd6+ Ke5 77. Rd7 Bd5 78. Ra7 Rh2 79. Ra5
Kd4 80. Be2 Rh6 1/2-1/2

[Event "SPICE Cup Open 2017"]
[Site "Saint Louis USA"]
[Date "2017.10.22"]
[Round "2.23"]
[White "Wang, Justin"]
[Black "Voelker, James"]
[Result "1-0"]
[WhiteElo "2254"]
[BlackElo "2098"]
[WhiteFideId "30911370"]
[BlackFideId "2018853"]
[EventDate "2017.10.21"]

1. e4 e5 2. Nf3 Nc6 3. Bb5 a6 4. Ba4 Nf6 5. d3 Bc5 6. c3 O-O 7. Bxc6 bxc6 8.
Nxe5 d5 9. d4 Bd6 10. Nxc6 Qe8 11. e5 Qxc6 12. O-O Be7 13. exf6 Qxf6 14. Be3 Bd6
15. Nd2 Qg6 16. Qf3 c6 17. Bf4 Be7 18. Rfe1 Re8 19. Qg3 Bf5 20. Qxg6 Bxg6 21.
Re3 Bf8 22. Rae1 Rec8 23. Nb3 a5 24. Nc5 Bxc5 25. dxc5 f6 26. f3 Re8 27. Re7
Rxe7 28. Rxe7 Re8 29. Rc7 Re2 30. Rxc6 Rxb2 31. Rd6 Rc2 32. c6 Rxc3 33. c7 Kf7
34. Rd7+ Ke6 35. Rd8 1-0

[Event "SPICE Cup Open 2017"]
[Site "Saint Louis USA"]
[Date "2017.10.22"]
[Round "2.24"]
[White "Swindell, Shawn"]
[Black "Colas, Joshua"]
[Result "0-1"]
[BlackTitle "FM"]
[WhiteElo "2018"]
[BlackElo "2242"]
[WhiteFideId "2064588"]
[BlackFideId "2044447"]
[EventDate "2017.10.21"]

1. b3 b6 2. Bb2 Bb7 3. e3 e6 4. Nf3 Nf6 5. Be2 Be7 6. O-O O-O 7. c4 c5 8. d4 d6
9. Nc3 a6 10. Qc2 Nc6 11. Rad1 Qc7 12. Qb1 cxd4 13. exd4 Na7 14. d5 e5 15. Bd3
b5 16. Rfe1 bxc4 17. bxc4 g6 18. Bc1 Rab8 19. Qc2 Nc8 20. Bh6 Re8 21. h4 Nb6 22.
Bg5 Rbc8 23. Bxf6 Bxf6 24. Ne4 Bg7 25. Nfd2 f5 26. Ng5 e4 27. Bf1 Nxd5 28. h5 h6
29. Nh3 g5 0-1

[Event "SPICE Cup Open 2017"]
[Site "Saint Louis USA"]
[Date "2017.10.22"]
[Round "2.25"]
[White "Guo, Arthur"]
[Black "Polgar-Shutzman, Tom"]
[Result "1-0"]
[WhiteTitle "FM"]
[WhiteElo "2219"]
[BlackElo "2055"]
[WhiteFideId "30903114"]
[BlackFideId "2064880"]
[EventDate "2017.10.21"]

1. d4 Nf6 2. Bf4 g6 3. e3 Bg7 4. Nf3 d6 5. Be2 O-O 6. h3 b6 7. O-O Bb7 8. c3
Nbd7 9. Nbd2 Ne4 10. Nc4 Qe8 11. a4 a6 12. Bh2 e5 13. Qb3 Rb8 14. Rad1 Qe7 15.
Rfe1 Rfe8 16. Qc2 Rbd8 17. b4 Kh8 18. Bf1 f5 19. Nb2 Ng5 20. Nxg5 Qxg5 21. Nd3
Qe7 22. a5 Qf7 23. axb6 cxb6 24. b5 a5 25. Nb2 Rc8 26. Na4 Bd5 27. Qb2 Bb3 28.
Ra1 Red8 29. Ra3 Bxa4 30. Rxa4 Qe6 31. Raa1 Nf6 32. Rac1 Re8 33. Qa3 Red8 34.
Bd3 Nd7 35. Bb1 Nf6 36. Ba2 Qe8 37. Qb2 Qe7 38. Qb3 Ne8 1-0

[Event "SPICE Cup Open 2017"]
[Site "Saint Louis USA"]
[Date "2017.10.22"]
[Round "2.26"]
[White "Mercado, Luisa Fernanda"]
[Black "Betaneli, Alexander"]
[Result "0-1"]
[WhiteTitle "WFM"]
[BlackTitle "FM"]
[WhiteElo "1944"]
[BlackElo "2204"]
[WhiteFideId "4400984"]
[BlackFideId "2012359"]
[EventDate "2017.10.21"]

1. e4 e5 2. Nf3 Nc6 3. Bb5 a6 4. Ba4 d6 5. d4 Bd7 6. O-O Nxd4 7. Bxd7+ Qxd7 8.
Nxd4 exd4 9. Qxd4 Ne7 10. b3 Nc6 11. Qc3 O-O-O 12. Bb2 d5 13. exd5 Qxd5 14. Qh3+
Qd7 15. Qxd7+ Rxd7 16. c4 Nb4 17. a3 Nc2 18. Ra2 Nd4 19. b4 c5 20. bxc5 Bxc5 21.
Nc3 Re8 22. Na4 Ba7 23. Ba1 Re6 24. g3 Rc6 25. c5 Bxc5 26. Rc1 Ba7 27. Rxc6+
bxc6 28. Kg2 f6 29. Bc3 Rd5 30. Rb2 Nb5 31. Bb4 Kd7 32. Re2 c5 33. Ba5 Rd4 34.
Nb6+ Bxb6 35. Bxb6 Kc6 36. Re6+ Rd6 37. Rxd6+ Nxd6 38. Bd8 Nc4 39. a4 Kd7 0-1

[Event "SPICE Cup Open 2017"]
[Site "Saint Louis USA"]
[Date "2017.10.22"]
[Round "2.27"]
[White "Yoo, Christopher Woojin"]
[Black "Mathur, Rithwik"]
[Result "1-0"]
[WhiteTitle "FM"]
[WhiteElo "2194"]
[BlackElo "1986"]
[WhiteFideId "30909694"]
[BlackFideId "30913667"]
[EventDate "2017.10.21"]

1. e4 c5 2. Nf3 d6 3. d4 cxd4 4. Nxd4 Nf6 5. Nc3 Nc6 6. Bg5 e6 7. Qd2 a6 8.
O-O-O Be7 9. Bxf6 gxf6 10. f4 Nxd4 11. Qxd4 b5 12. g3 Rb8 13. Bg2 Qc7 14. f5 b4
15. Ne2 e5 16. Qd3 Bd7 17. Kb1 a5 18. Nc1 a4 19. g4 Rb6 20. h4 O-O 21. Bf3 Rc8
22. Rhg1 Bb5 23. Qd2 Rc6 24. Rg2 Kh8 25. g5 Rg8 26. Rdg1 Qc8 27. g6 fxg6 28.
fxg6 Rg7 29. gxh7 Bf8 30. h5 Kxh7 31. Rxg7+ Bxg7 32. Qg2 Qf8 33. Qg6+ Kh8 34. h6 1-0

[Event "SPICE Cup Open 2017"]
[Site "Saint Louis USA"]
[Date "2017.10.22"]
[Round "2.28"]
[White "Shoykhet, Benjamin"]
[Black "Black, James"]
[Result "1/2-1/2"]
[WhiteElo "1819"]
[BlackElo "2164"]
[WhiteFideId "30919746"]
[BlackFideId "2048280"]
[EventDate "2017.10.21"]

1. c4 c6 2. g3 e5 3. d4 exd4 4. Qxd4 d5 5. cxd5 cxd5 6. Nc3 Be6 7. Bg2 Nc6 8.
Qd1 Nf6 9. e3 Bc5 10. Nge2 O-O 11. O-O Qd7 12. Nf4 Rad8 13. a3 a6 14. b4 Ba7 15.
Bb2 d4 16. exd4 Bc4 17. Re1 Nxd4 18. Ne4 Nxe4 19. Bxe4 f5 20. Bd5+ Bxd5 21. Bxd4
Bxd4 22. Qxd4 Be4 23. Qxd7 Rxd7 24. Ne6 Re8 25. Nc5 Rde7 26. Nxe4 Rxe4 27. Rxe4
Rxe4 28. Rd1 Kf7 29. Rd7+ Re7 30. Rd6 Rc7 31. Rb6 Ke7 32. a4 Kd7 33. a5 Rc1+ 34.
Kg2 Kc7 35. b5 axb5 36. Rxb5 g6 37. h4 Re1 38. Kf3 Re4 1/2-1/2

[Event "SPICE Cup Open 2017"]
[Site "Saint Louis USA"]
[Date "2017.10.22"]
[Round "3.1"]
[White "Prohaszka, Peter2"]
[Black "Bruzon Batista, Lazaro"]
[Result "1/2-1/2"]
[WhiteTitle "GM"]
[BlackTitle "GM"]
[WhiteElo "2614"]
[BlackElo "2660"]
[WhiteFideId "726265"]
[BlackFideId "3503739"]
[EventDate "2017.10.21"]

1. d4 Nf6 2. Nf3 d5 3. c4 e6 4. g3 Bb4+ 5. Bd2 Be7 6. Bg2 O-O 7. O-O Nbd7 8. Qc2
c6 9. Bf4 b6 10. Nbd2 Nh5 11. Be3 Bb7 12. Rfd1 Nhf6 13. Bf4 Nh5 14. Be3 Nhf6 15.
Bf4 Nh5 1/2-1/2

[Event "SPICE Cup Open 2017"]
[Site "Saint Louis USA"]
[Date "2017.10.22"]
[Round "3.2"]
[White "Durarbayli, Vasif"]
[Black "Li, Ruifeng"]
[Result "1-0"]
[WhiteTitle "GM"]
[BlackTitle "GM"]
[WhiteElo "2630"]
[BlackElo "2564"]
[WhiteFideId "13402935"]
[BlackFideId "2061074"]
[EventDate "2017.10.21"]

1. e4 c5 2. Nf3 d6 3. d4 cxd4 4. Nxd4 Nf6 5. Nc3 a6 6. Bg5 Nbd7 7. Qe2 h6 8. Bh4
g6 9. O-O-O e5 10. Nb3 Be7 11. Qd2 b5 12. a3 Bb7 13. Bd3 Kf8 14. Kb1 Kg7 15. f4
exf4 16. Bf2 Ng4 17. Bd4+ Bf6 18. Qxf4 Bxd4 19. Nxd4 Nde5 20. h3 Qf6 21. Qd2
Nxd3 22. cxd3 Qxd4 23. hxg4 Rac8 24. Rdf1 Qe5 25. Rf3 Qg5 26. Qf2 Rc7 27. Rf1
Rf8 28. Rf6 Rd7 29. Ne2 Qxg4 30. Nd4 Kg8 31. Rf4 Qg5 32. Ne6 Qe7 33. Rf6 Re8 34.
Qh4 h5 35. Ng5 Qe5 36. Nxf7 Rxf7 37. Rxf7 Bc8 38. Qf6 Qxf6 39. R7xf6 1-0

[Event "SPICE Cup Open 2017"]
[Site "Saint Louis USA"]
[Date "2017.10.22"]
[Round "3.3"]
[White "Rambaldi, Francesco"]
[Black "Quesada Perez, Yuniesky"]
[Result "1/2-1/2"]
[WhiteTitle "GM"]
[BlackTitle "GM"]
[WhiteElo "2574"]
[BlackElo "2619"]
[WhiteFideId "20657307"]
[BlackFideId "3504409"]
[EventDate "2017.10.21"]

1. e4 e5 2. Nf3 Nc6 3. Bc4 Bc5 4. O-O Nf6 5. d3 d6 6. c3 a6 7. a4 Ba7 8. Re1 O-O
9. h3 Ne7 10. d4 Ng6 11. Bb3 h6 12. Nbd2 Re8 13. Bc2 Be6 14. Nf1 c6 15. Ng3 Bb8
16. Be3 Bc7 17. Qd2 d5 18. exd5 Bxd5 19. Nxe5 Nxe5 20. dxe5 Bxe5 21. Bf4 Qc7 22.
Rxe5 Rxe5 23. Bxe5 Qxe5 1/2-1/2

[Event "SPICE Cup Open 2017"]
[Site "Saint Louis USA"]
[Date "2017.10.22"]
[Round "3.4"]
[White "Sevian, Samuel"]
[Black "Leon Hoyos, Manuel"]
[Result "1/2-1/2"]
[WhiteTitle "GM"]
[BlackTitle "GM"]
[WhiteElo "2615"]
[BlackElo "2490"]
[WhiteFideId "2040506"]
[BlackFideId "5105269"]
[EventDate "2017.10.21"]

1. e4 c5 2. Nf3 g6 3. d4 cxd4 4. Nxd4 Nc6 5. c4 Bg7 6. Be3 Qb6 7. Nb3 Qd8 8. Nd4
Qb6 9. Nb3 Qd8 10. Qd2 Nf6 11. Nc3 d6 12. Be2 O-O 13. O-O a5 14. f3 a4 15. Nd4
Nxd4 16. Bxd4 Bd7 17. Rac1 Bc6 18. Rc2 Nd7 19. Be3 Qa5 20. Nd5 Bxd5 21. Qxa5
Rxa5 22. cxd5 Nc5 23. Rfc1 b5 24. Bd2 Ra7 25. Kf1 Rb7 26. Bb4 Na6 27. Bd2 Nc5
28. Bb4 Na6 29. Bd2 Nc5 30. Bb4 1/2-1/2

[Event "SPICE Cup Open 2017"]
[Site "Saint Louis USA"]
[Date "2017.10.22"]
[Round "3.5"]
[White "Cori, Jorge"]
[Black "Patel, Advait"]
[Result "1-0"]
[WhiteTitle "GM"]
[BlackTitle "IM"]
[WhiteElo "2657"]
[BlackElo "2448"]
[WhiteFideId "3802272"]
[BlackFideId "2075105"]
[EventDate "2017.10.21"]

1. c4 g6 2. Nc3 Bg7 3. g3 c5 4. Bg2 Nc6 5. d3 d6 6. f4 e6 7. Bxc6+ bxc6 8. Nf3
Nh6 9. e4 f5 10. e5 dxe5 11. Nxe5 Nf7 12. Qe2 O-O 13. Kd1 Bxe5 14. fxe5 Qd4 15.
Re1 Rd8 16. Kc2 a5 17. Bf4 a4 18. Rad1 Ra6 19. h4 Rd7 20. Qd2 Rb7 21. Rb1 Qd8
22. Qf2 Ra5 23. g4 Re7 24. Qg3 Re8 25. Rg1 Kh8 26. Rbe1 Rg8 27. Qf2 Qe7 28. gxf5
exf5 29. e6 Bxe6 30. Bd2 Ra6 31. Ne2 Qd6 32. Bc3+ Rg7 33. Nf4 1-0

[Event "SPICE Cup Open 2017"]
[Site "Saint Louis USA"]
[Date "2017.10.22"]
[Round "3.6"]
[White "Liang, Awonder"]
[Black "Robson, Ray"]
[Result "0-1"]
[WhiteTitle "GM"]
[BlackTitle "GM"]
[WhiteElo "2554"]
[BlackElo "2644"]
[WhiteFideId "2056437"]
[BlackFideId "2023970"]
[EventDate "2017.10.21"]

1. e4 e5 2. Nf3 Nc6 3. Bb5 a6 4. Ba4 Nf6 5. O-O b5 6. Bb3 Bb7 7. d3 Be7 8. Re1
O-O 9. Nbd2 d6 10. c3 Na5 11. Bc2 c5 12. Nf1 Re8 13. h3 h6 14. Ng3 Bf8 15. d4
cxd4 16. cxd4 d5 17. Nxe5 dxe4 18. Bf4 Rc8 19. a3 Qd5 20. Nf5 Red8 21. b4 Nc4
22. Bb3 Qe6 23. Ne3 Nd5 24. Bg3 Ndxe3 25. Rxe3 Qb6 26. Qe2 Qxd4 27. Rd1 Qxd1+
28. Bxd1 Nxe3 29. Qxe3 Rxd1+ 30. Kh2 Bd5 31. Nd7 Rcc1 32. Bf4 Rh1+ 33. Kg3 Rc6
34. Nxf8 Kxf8 35. Qd4 Rg6+ 36. Kh4 Rxg2 37. Bxh6 gxh6 38. Qxd5 Rg6 39. Qd8+ Kg7
40. Qd4+ Kg8 41. Qd8+ Kg7 42. Qd4+ Rf6 43. Qxe4 Rc1 44. Qg4+ Rg6 45. Qd4+ Kg8
46. f4 Rc4 47. Qe5 Re6 48. Qb8+ Kg7 49. Kg3 Rf6 50. f5 Rxf5 51. Qd6 Rc3+ 52. Kh4
Rf4+ 53. Qxf4 Rc4 54. Kg3 Rxf4 55. Kxf4 Kg6 0-1

[Event "SPICE Cup Open 2017"]
[Site "Saint Louis USA"]
[Date "2017.10.22"]
[Round "3.7"]
[White "Kaliksteyn, Alexander"]
[Black "Swiercz, Dariusz"]
[Result "0-1"]
[WhiteTitle "FM"]
[BlackTitle "GM"]
[WhiteElo "2425"]
[BlackElo "2639"]
[WhiteFideId "2007630"]
[BlackFideId "1126881"]
[EventDate "2017.10.21"]

1. d4 Nf6 2. Nf3 g6 3. Bf4 Bg7 4. e3 O-O 5. Be2 c5 6. c3 b6 7. h3 Bb7 8. O-O d5
9. Nbd2 Nc6 10. Ne5 Nd7 11. Nxc6 Bxc6 12. Nf3 b5 13. Ne5 Nxe5 14. Bxe5 Bxe5 15.
dxe5 Qb6 16. b4 Rfc8 17. Qd2 e6 18. bxc5 Qxc5 19. Qd4 Bd7 20. Qxc5 Rxc5 21. Rfb1
Rac8 22. Rb3 g5 23. g4 a5 24. Rab1 a4 25. Rb4 Rxc3 26. Bxb5 Bxb5 27. Rxb5 Rc1+
28. Rxc1 Rxc1+ 29. Kg2 Rc2 30. a3 Ra2 31. Rb4 Rxa3 32. e4 dxe4 33. Rxe4 Kg7 34.
Rb4 Ra1 35. Rc4 a3 36. Ra4 Kg6 37. Ra6 h5 38. Kh2 h4 39. Kg2 Kg7 40. Ra8 f5 41.
Ra7+ Kf8 42. gxf5 exf5 43. f3 a2 44. e6 Ke8 45. e7 Kf7 46. Ra8 Kxe7 47. Ra6 Kd7
48. Ra7+ Kc6 49. Ra6+ Kb5 50. Ra8 Kb4 51. Rb8+ Kc3 52. Rc8+ Kd4 53. Rb8 Kc3 54.
Rc8+ Kd4 55. Ra8 Kd5 56. Ra7 Kd6 57. Ra5 Kc6 58. Ra6+ Kb5 59. Ra8 Kc4 60. Rc8+
Kb3 61. Rb8+ Kc2 62. Ra8 Kc3 63. Rc8+ Kd3 64. Ra8 Rc1 65. Rxa2 f4 66. Ra5 Rc2+
67. Kg1 Ke2 68. Rxg5 Kxf3 69. Rg8 0-1

[Event "SPICE Cup Open 2017"]
[Site "Saint Louis USA"]
[Date "2017.10.22"]
[Round "3.9"]
[White "Azarov, Sergei"]
[Black "Jacobson, Brandon"]
[Result "1-0"]
[WhiteTitle "GM"]
[BlackTitle "FM"]
[WhiteElo "2556"]
[BlackElo "2396"]
[WhiteFideId "13501470"]
[BlackFideId "30901561"]
[EventDate "2017.10.21"]

1. e4 c5 2. Nf3 d6 3. d4 cxd4 4. Nxd4 Nf6 5. Nc3 a6 6. Be2 e5 7. Nb3 Be7 8. O-O
O-O 9. Kh1 b6 10. Be3 Bb7 11. f3 b5 12. a4 b4 13. Nd5 Nxd5 14. exd5 Nd7 15. c4
a5 16. Qd2 Rc8 17. Rfd1 Nc5 18. Nxc5 dxc5 19. d6 Bf6 20. Bd3 Qd7 21. Be4 Rfd8
22. Bxb7 Qxb7 23. Qd5 Qb6 24. Rd2 Rd7 25. Rad1 b3 26. h3 g6 27. f4 exf4 28. Bxf4
Qc6 29. Qxc6 Rxc6 30. Re2 Kg7 31. Rd3 Rb6 32. Re8 Bd4 33. Rxd4 cxd4 34. c5 Rc6
35. Be5+ Kh6 36. Bxd4 Kg5 37. Rh8 h5 38. Kg1 h4 39. Kf2 Rb7 40. Ke3 f5 41. Kd3
Rd7 42. Re8 1-0

[Event "SPICE Cup Open 2017"]
[Site "Saint Louis USA"]
[Date "2017.10.22"]
[Round "3.10"]
[White "Shimanov, Aleksandr"]
[Black "Rahul, Srivatshav P"]
[Result "1-0"]
[WhiteTitle "GM"]
[WhiteElo "2640"]
[BlackElo "2373"]
[WhiteFideId "4198603"]
[BlackFideId "25059653"]
[EventDate "2017.10.21"]

1. g3 Nf6 2. Bg2 g6 3. e4 d6 4. Nc3 Bg7 5. f4 O-O 6. Nf3 e5 7. d3 c6 8. O-O exf4
9. gxf4 d5 10. e5 Ng4 11. d4 f6 12. Ne2 Na6 13. Ng3 Nh6 14. Kh1 Nc7 15. Bd2 fxe5
16. fxe5 Nf5 17. Qe1 Nxg3+ 18. Qxg3 Bf5 19. Bb4 Re8 20. c3 a5 21. Bc5 Ne6 22.
Bd6 Be4 23. Rf2 Bh6 24. Ne1 Ng5 25. Nd3 Bxg2+ 26. Rxg2 Ne4 27. Qh3 Bf8 28. Nf4
Bg7 29. Rag1 Qc8 30. Qxc8 Raxc8 31. Nxg6 hxg6 32. Rxg6 Kh8 33. Rxg7 Nf2+ 34. Kg2
Kxg7 35. Kxf2+ Kf7 36. Rg3 Re6 37. Rf3+ Kg7 38. h4 Rg6 39. Be7 Re8 40. Bg5 Kg8
41. Rf5 c5 42. dxc5 b6 43. Be3 bxc5 44. Bxc5 Rg4 45. h5 Rh4 46. Kg3 Re4 47. Bd4
Re2 48. Rf2 R8xe5 49. Bxe5 Rxe5 50. Kg4 d4 51. Kf4 1-0

[Event "SPICE Cup Open 2017"]
[Site "Saint Louis USA"]
[Date "2017.10.22"]
[Round "3.11"]
[White "Cordova, Emilio"]
[Black "Williams, Justus"]
[Result "1-0"]
[WhiteTitle "GM"]
[BlackTitle "FM"]
[WhiteElo "2608"]
[BlackElo "2371"]
[WhiteFideId "3801497"]
[BlackFideId "2049929"]
[EventDate "2017.10.21"]

1. Nf3 Nf6 2. d4 e6 3. g3 d5 4. c4 Bb4+ 5. Bd2 Bd6 6. Nc3 c6 7. Qc2 Nbd7 8. e4
dxe4 9. Nxe4 Nxe4 10. Qxe4 c5 11. Bc3 Nf6 12. Qe2 cxd4 13. Nxd4 Qe7 14. Bg2 Bb4
15. O-O Bxc3 16. bxc3 Nd7 17. Rab1 Nc5 18. Qe5 O-O 19. Rfd1 Na4 20. Qa5 Nc5 21.
Qa3 e5 22. Nb3 Bf5 23. Qxc5 Qxc5 24. Nxc5 Bxb1 25. Rxb1 Rac8 26. Nd7 Rfd8 27.
Rxb7 Rxc4 28. Bd5 Rxc3 29. Nxe5 Rc1+ 30. Kg2 Re1 31. Bxf7+ Kf8 32. f4 Re2+ 33.
Kf3 Rxh2 34. Bb3 1-0

[Event "SPICE Cup Open 2017"]
[Site "Saint Louis USA"]
[Date "2017.10.22"]
[Round "3.12"]
[White "Kannappan, Priyadharshan"]
[Black "Grabinsky, Aaron"]
[Result "1/2-1/2"]
[WhiteTitle "GM"]
[WhiteElo "2516"]
[BlackElo "2366"]
[WhiteFideId "5018293"]
[BlackFideId "2087090"]
[EventDate "2017.10.21"]

1. g3 c5 2. Bg2 Nc6 3. Nf3 g6 4. d4 cxd4 5. Nxd4 Bg7 6. Nb3 d6 7. O-O Nf6 8. Nc3
O-O 9. h3 Be6 10. e4 Rc8 11. Nd5 Nd7 12. c3 Nb6 13. Re1 Nc4 14. Qe2 b5 15. a4 a6
16. axb5 axb5 17. Nd2 Nxd2 18. Bxd2 b4 19. Nxb4 Nxb4 20. cxb4 Bxb2 21. Rab1 Bd4
22. Be3 Qb6 23. Bxd4 Qxd4 24. Qe3 Qxe3 25. Rxe3 Rc2 26. b5 Rb8 27. b6 Rc6 28. b7
Rc7 29. e5 d5 30. Reb3 Kf8 31. g4 g5 32. Rb6 Ke8 33. R1b5 Rc1+ 34. Kh2 Rc2 35.
Bxd5 Bxd5 36. Rxd5 e6 37. Rd3 Rxf2+ 38. Kg3 Rc2 39. h4 h6 40. Ra3 Kd7 41. Rf3
Ke7 42. Rb1 1/2-1/2

[Event "SPICE Cup Open 2017"]
[Site "Saint Louis USA"]
[Date "2017.10.22"]
[Round "3.13"]
[White "Young, Angelo"]
[Black "Yermolinsky, Alex"]
[Result "1/2-1/2"]
[WhiteTitle "IM"]
[BlackTitle "GM"]
[WhiteElo "2292"]
[BlackElo "2490"]
[WhiteFideId "5200490"]
[BlackFideId "2005492"]
[EventDate "2017.10.21"]

1. d4 Nf6 2. Nf3 e6 3. g3 b6 4. Bg2 Bb7 5. O-O c5 6. dxc5 Bxc5 7. c4 O-O 8. Nc3
Nc6 9. Bf4 Qe7 10. a3 a5 11. Na4 d5 12. cxd5 Nxd5 13. Bg5 f6 14. e4 fxg5 15.
exd5 Rad8 16. Nxc5 bxc5 1/2-1/2